000 00468nam a2200157 i 4500
001 74341
003 ES-MaACL
005 20230906172110.0
007 t|
008 040917s1905 sp ||||1| spa d
100 1 _aGonzález Naharro, Francisco.
_958834
245 1 0 _aCondición jurídica del individuo en la sociedad internacional /
_cFrancisco González Naharro.
260 _aMadrid :
_b[s.n.,
_c1905]
502 _aTesis doctoral.
852 _aES-MaACL
_jT-1074-F-6
999 _c74341
_d74341